000 00845nam a22001937a 4500
003 ARRUPE
005 20240205114649.0
008 240205b |||||||| |||| 00| 0 eng d
040 _cAJU
050 _aDT1058.R33 M36 1997
100 _aMandaza, Ibbo.
_923206
245 _aRace, colour, and class in southern Africa
_ba study of the coloured question in the context of an analysis of the colonial and white settler racial ideology, and African nationalism in twentieth century Zimbabwe, Zambia, and Malawi
_cIbbo Mandaza
260 _aHarare :
_b SAPES Books,
_c1997.
300 _axli, 838 p. : map ;
_c24 cm.
650 _aSocial classes
_xHistory.
_zAfrica, Southern
_952369
650 _aRacially mixed people
_xHistory.
_zAfrica, Southern
_952370
651 _aAfrica, Southern
_xRace relations
_xHistory.
_926373
942 _2lcc
_cMONOGRAPH
999 _c131765
_d131765